DFB Kader Weltmeisterschaft 2026 - Statistiken

Allgemein
  • Dieses Quiz wurde 49 mal gespielt
  • Das Durchschnittsergebnis liegt bei 18 aus 26
Antwortstatistiken
Position Nr. Spieler % Korrekt
Torwart 1 Manuel Neuer
100%
Torwart 12 Oliver Baumann
100%
Torwart 21 Alexander Nübel
95%
Verteidigung 6 Joshua Kimmich
95%
Verteidigung 2 Antonio Rüdiger
93%
Verteidigung 4 Jonathan Tah
93%
Verteidigung 22 David Raum
88%
Mittelfeld/Sturm 26 Deniz Undav
86%
Mittelfeld/Sturm 10 Jamal Musiala
86%
Mittelfeld/Sturm 19 Leroy Sane
83%
Mittelfeld/Sturm 8 Leon Goretzka
81%
Mittelfeld/Sturm 11 Nick Woltemade
81%
Mittelfeld/Sturm 17 Florian Wirtz
79%
Mittelfeld/Sturm 7 Kai Havertz
79%
Mittelfeld/Sturm 25 Lennart Karl
71%
Verteidigung 18 Nathaniel Brown
71%
Verteidigung 3 Waldemar Anton
71%
Mittelfeld/Sturm 5 Aleksander Pavlovic
67%
Mittelfeld/Sturm 13 Pascal Groß
64%
Mittelfeld/Sturm 16 Angelo Stiller
62%
Mittelfeld/Sturm 9 Jamie Leweling
57%
Mittelfeld/Sturm 23 Felix Nmecha
48%
Mittelfeld/Sturm 14 Maximilian Beier
48%
Mittelfeld/Sturm 20 Nadiem Amiri
29%
Verteidigung 24 Malick Thaiw
10%
Verteidigung 15 Nico Scholtterbeck
2%
Keine übereinstimmenden Quizze gefunden
Verteilung der Resultate
Anzahl Personen mit jedem Resultat
Perzentil nach korrekt beantworteten Fragen
Ihre Resultats-Entwicklung
Sie haben dieses Quiz noch nicht gespielt